UM Logo

Maternity nursing / (Record no. 7609)

MARC details
000 -LEADER
fixed length control field 01936nam a2200217 4500
008 - FIXED-LENGTH DATA ELEMENTS--GENERAL INFORMATION
fixed length control field 171010b xxu||||| |||| 00| 0 eng d
020 ## - INTERNATIONAL STANDARD BOOK NUMBER
International Standard Book Number 0-8151-7246-X
082 ## - DEWEY DECIMAL CLASSIFICATION NUMBER
Edition number 1996
Classification number DC 610.7367
Item number R64
100 ## - MAIN ENTRY--PERSONAL NAME
9 (RLIN) 22979
Personal name Rollant, Paulette D
245 ## - TITLE STATEMENT
Title Maternity nursing /
Statement of responsibility, etc. Paulette D. Rollant, Karen A. Piotrowski
260 ## - PUBLICATION, DISTRIBUTION, ETC. (IMPRINT)
Place of publication, distribution, etc. St. Louis, Missouri :
Name of publisher, distributor, etc. Mosby-Year Book,
Date of publication, distribution, etc. ©1996.
300 ## - PHYSICAL DESCRIPTION
Extent xxiii, 527 pages :
Other physical details illustrations ;
Dimensions 23 cm.
440 ## - SERIES STATEMENT/ADDED ENTRY--TITLE
9 (RLIN) 22980
Title Mosby's review series
500 ## - GENERAL NOTE
General note Includes bibliographical references and index.
505 ## - FORMATTED CONTENTS NOTE
Formatted contents note Contents<br/>Ch. 1 Essential Elements for Nursing 1<br/>Ch. 2 Human Conception and Fetal Development 17<br/>Ch. 3 Anatomic and Physiologic Adaptations to Pregnancy 41<br/>Ch. 4 Psychosocial Impact of Pregnancy and Impending Parenthood 61<br/>Ch. 5 Application of the Nursing Process during Pregnancy 77<br/>Ch. 6 Assessment of Fetal Health during Pregnancy 113<br/>Ch. 7 High Risk Pregnancy 131<br/>Ch. 8 Parturition - The Process of Labor and Birth 171<br/>Ch. 9 Application of the Nursing Process during Parturition 193<br/>Ch. 10 Assessment of Fetal Responses to Labor and Birth 243<br/>Ch. 11 Complications Associated with Labor and Birth 261<br/>Ch. 12 The Process of Physical Recovery Following Birth 297<br/>Ch. 13 Psychosocial Adjustment to the Newborn 319<br/>Ch. 14 Application of the Nursing Process during the Postpartum Period 341<br/>Ch. 15 Complications Associated with the Postpartum Period 369<br/>Ch. 16 Physiologic Adaptations to Extrauterine Life 383<br/>Ch. 17 Application of the Nursing Process during the Neonatal Period 429<br/>Ch. 18 Alterations in Adaptations of the Newborn 461<br/> Comprehensive Exam 485<br/> Bibliography 509<br/> Index 513
650 #0 - SUBJECT ADDED ENTRY--TOPICAL TERM
9 (RLIN) 22981
Topical term or geographic name as entry element Maternity nursing -- Outlines, syllabi, etc
650 #0 - SUBJECT ADDED ENTRY--TOPICAL TERM
9 (RLIN) 22982
Topical term or geographic name as entry element Gynecologic nursing -- Outlines, syllabi, etc
650 #0 - SUBJECT ADDED ENTRY--TOPICAL TERM
9 (RLIN) 22983
Topical term or geographic name as entry element Maternity nursing -- Examinations, questions, etc
700 ## - ADDED ENTRY--PERSONAL NAME
9 (RLIN) 22984
Personal name Piotrowski, Karen A
942 ## - ADDED ENTRY ELEMENTS (KOHA)
Source of classification or shelving scheme Dewey Decimal Classification
Koha item type Circulation
Holdings
Withdrawn status Lost status Source of classification or shelving scheme Damaged status Not for loan Collection code Home library Current library Date acquired Source of acquisition Total Checkouts Full call number Barcode Date last seen Copy number Price effective from Koha item type
    Dewey Decimal Classification     Circulation UM Digos College - LIC UM Digos College - LIC 08/20/2003 Donated   DC 610.7367 R64 1996 15570 04/14/2025 5 10/10/2017 Circulation
    Dewey Decimal Classification     Circulation UM Digos College - LIC UM Digos College - LIC 08/20/2003 Donated   DC 610.7367 R64 1996 15568 04/14/2025 3 10/10/2017 Circulation
    Dewey Decimal Classification     Circulation UM Digos College - LIC UM Digos College - LIC 08/20/2003 Donated   DC 610.7367 R64 1996 15567 04/14/2025 2 10/10/2017 Circulation
    Dewey Decimal Classification     Circulation UM Digos College - LIC UM Digos College - LIC 08/20/2003 Donated   DC 610.7367 R64 1996 15566 04/14/2025 1 10/10/2017 Circulation
    Dewey Decimal Classification     Circulation UM Digos College - LIC UM Digos College - LIC 08/20/2003 Donated   DC 610.7367 R64 1996 15569 04/14/2025 4 10/10/2017 Circulation